Представление документа в формате RUSMARC

ПолеНазваниеЗначение
  Тип записи i
  Библиографический уровень m
001 Контрольный номер RU/ГПНТБ России/KNIGADB/84(2Рос=Рус)6/В 65-757094067
005 Дата корректировки 20211217162021.6
010 Индекс ISBN __
b Уточнения в кор.
d Цена 337-00
100 Данные общей обработки __
a Данные общей обработки 20210111d2019####m y0rusy028902 ca
101 Язык документа 0_
a Язык текста rus
102 Страна публикации __
a Страна публикации RU
106 Кодированные данные (форма документа) __
a Кодированные данные для формы документа (Обозначение носителя) s
125 Кодированные данные звукозаписи и нотных изданий __
b Определитель литературного текста c
126 Кодированные данные (звукозаписи-физические характеристики) __
a Кодированные данные звукозаписи (общие) agbхhхх cd
127 Кодированные данные (звукозаписи-физические характеристики) __
a Продолжительность проигрывания 0848##
135 Кодированные данные (электронные ресурсы) __
a Кодированные данные (электронные ресурсы) hongannnauuuu
139 Кодированные данные (электронные ресурсы) __
a Кодированные данные (электронные ресурсы) сaz
181 Поле кодированных данных: вид содержания _0
a Код вида содержания (ISBD) h
182 Поле кодированных данных: тип средства _0
a Код типа средства (ISBD) a
200 Заглавие и сведения об ответственности 1_
a Заглавие Малиновый пеликан
e Сведения, относящиеся к заглавию аудиокнига
f Первые сведения об ответственности Войнович
g Последующие сведения об ответственности исполняет Сергей Чонишвили
g Последующие сведения об ответственности продюсер Владимир Воробьев
203 Вид содержания и тип средства __
a Вид содержания Устная речь
c Тип средства аудио
210 Выходные данные 1_
a Место издания Москва
c Издательство Союз
c Издательство Покидышевъ и сыновья
c Издательство Воробьев В. А.
d Дата издания 2019
215 Физическое описание __
a Объем 1 электрон. опт. диск (CD-ROM) (8 ч. 48 мин.)
d Формат 12 см
c Иллюстрации/тип воспроизводства зв.
225 Серия 2_
a Серия Аудиокниги Владимира Войновича
225 Серия 2_
a Серия Книга вслух
300 Общие примечания __
a Общие примечания Заглавие с этикетки диска
300 Общие примечания __
a Общие примечания Данные в формате MP3
330 Аннотация __
a Аннотация Надо же было такому случиться, что известного писателя Петра Ильича Смородина укусил клещ. Ни жене, ни домработнице извлечь кровососа из тела писателя не удалось. Пришлось вызывать «скорую». Приехавший фельдшер выносит вердикт: госпитализация. И вот нашего героя с подмосковной дачи везут прямиком в институт скорой помощи имени Склифосовского. По пути Петр Ильич периодически засыпает и видит странные сны, очень похожие на реальность. И уже практически невозможно понять, что же ему снится, а что происходит на самом деле.
333 Примечание о целевом назначении __
a Примечание о целевом назначении 18+. Запрещено для детей
337 Примечание о системных требованиях (электронные ресурсы) __
a Примечание о системных требованиях (электронные ресурсы) Системные требования: персональный компьютер ; аудиосистемы с поддержкой формата МР3: музыкальный центр, CD/DVD-плеер и прочие устройства
606 Тематические рубрики __
a Основная рубрика Художественная литература
606 Тематические рубрики __
a Основная рубрика Русская литература XX в. (произведения)
610 Ключевые слова 0_
a Ключевые слова проза
610 Ключевые слова 0_
a Ключевые слова сатира
610 Ключевые слова 0_
a Ключевые слова ирония
610 Ключевые слова 0_
a Ключевые слова романы
610 Ключевые слова 0_
a Ключевые слова житейские истории
610 Ключевые слова 0_
a Ключевые слова ироничная проза
610 Ключевые слова 0_
a Ключевые слова сатирические романы
686 Индексы других классификаций __
a Классификационный индекс 84(2=411.2)6-4я04; ст84(2=411.2)6-4я0
2 Код системы rubbks
700 Автор _1
a Фамилия Войнович
b Имя В. Н.
g Полное личное имя Владимир Николаевич
f Даты 1932-2018
4 Код отношения 070
702 Вторичная интеллектуальная ответственность _1
a Фамилия Чонишвили
b Имя С. Н.
g Полное личное имя Сергей Ножериевич
4 Код отношения 590
f Даты 1965-
702 Вторичная интеллектуальная ответственность _1
a Фамилия Воробьев
b Имя В. А.
g Полное личное имя Владимир А.
4 Код отношения 665
801 Источник записи _0
b Организация ГПНТБ России
a Страна RU
c Дата составления 20210111
g Правила каталогизации PSBO
801 Источник записи _1
b Организация ГПНТБ России
a Страна RU
c Дата составления 20210111
g Правила каталогизации PSBO
852 Данные о местонахождении __
i Авторский знак В 65
j Шифр хранения 84(2=411.2)6-4я04
900 Макрообъекты __
a Макрообъекты Войнович. Малиновый пеликан, 2019 г. (эл.ресурс)
901 Тип документа __
a Ответственный КиК/Мамарузиева
t Тип документа 0
903 Характеристики (МАРС) __
a Дата передачи 20210209
c Наименование библиотеки (МАРС) Муниципальное бюджетное учреждение культуры "Централизованная библиотечная система" г. Сургут (Центральная городская библиотека им. А. С. Пушкина)
969 Тип издания __
a Тип издания аудиокнига
a Тип издания издание для слепых
990 Данные о заказе (DOS) __
j Количество экземпляров (DOS) 3
t N записи в КСУ для И/У (DOS) 202102